000 00566nam a2200181 i 4500
001 141909
003 ES-MaACL
005 20230906200409.0
007 t|
008 071001s1977 sp ||||1| spa d
100 1 _aViñayo, Antonio.
_9115386
245 1 3 _aEl monasterio de San Claudio
_b: raíces de la ciudad de León /
_cAntonio Viñayo.
260 _aLeón :
_bBankunión,
_c1977.
300 _a56 p. :
_bil. ;
_c25 cm.
610 2 7 _aMonasterio de San Claudio (León)
_95743
651 4 _aLeón-
_xDescripción.
_98909
852 _aES-MaACL
_jA-8004
_bR.96957
999 _c141909
_d141909